Statistics for Guess the Superstar #3

Click here to take the quiz!

General Stats

  • This quiz has been taken 3 times
  • The average score is 4 of 45

Answer Stats

HintAnswer% Correct
Eater of WorldsBray Wyatt
67%
RavishingRick Rude
67%
F.A.B.U.L.O.U.SCarmella
33%
'The Hammer'Greg Valentine
33%
50th WWE ChampionJinder Mahal
33%
Winner of Royal Rumble 2006Rey Mysterio
33%
'This is My Yard'Roman Reigns
33%
Who? Who? Who?The New Day
33%
The DeadmanUndertaker
33%
^Who the Above beat in the Arm Wrestle^Aksana
0%
Vacated the longest reigning NXT Womens title due to InjuryAsuka
0%
Failed Money in the Bank cash-in Vs. Jinder MahalBaron Corbin
0%
First Person to Escape the Master LockBobby Lashley
0%
'I'm a Man with a Plan'Brian Kendrick
0%
^Wife of the Above^Brie Bella
0%
KillswitchChristian
0%
A crowd sign 'Jag Thindh' blocked whos Wrestlemania CelebrationDaniel Bryan
0%
The American DreamDusty Rhodes
0%
^Above made Debut at TLC against who?^Emma
0%
Who wears the mask in the tag team: The Bludgeon Brothers?Erick Rowan
0%
Luke Gallows GimmickFestus
0%
Team ExtremeHardy Boyz
0%
Extraordinary GentlemanJack Gallagher
0%
Clothesline From HellJBL
0%
^Above had whos barbeque sauce dumped all over him?^Jim Ross
0%
Dropped from the top of Elimination Chamber taking out SheamusJohn Morrison
0%
NXT Rookie Diva Arm Wrestling WinnerKaitlyn
0%
WSMMark Henry
0%
'I Have Recieved and E-Mail'!Michael Cole
0%
^Wife of the Above^Michelle McCool
0%
Entered the same Royal Rumble 3 timesMick Foley
0%
Beat Tyler Bate for United Kingdom ChampionshipPete Dunne
0%
What does RKO Stand for?Randal Keith Orton
0%
Alberto Del Rio's AnnouncerRicardo Rodriguez
0%
Stink FaceRikishi
0%
DAMN!!Ron Simmons
0%
The S.H.I.E.L.D's first VictimRyback
0%
Brock Lesnar's First Challenger for the Universal ChampionshipSamoa Joe
0%
Snoop Dogg's CousinSasha Banks
0%
Joined Chad Gable to form American BetaShelton Benjamin
0%
'Get the Tables'!!The Dudley Boyz
0%
Bludgeon Brothers first opponentsThe Hype Bros
0%
Jinder Mahal's AnnouncersThe Singh Brothers
0%
Lost his Intercontinental title to a debuting SantinoUmaga
0%
Got Slapped by Wayne RooneyWade Barrett
0%

Score Distribution

Percentile by Number Answered

Percent of People with Each Score

Your Score History

You have not taken this quiz